Вып. 78; Автоматизированные системы управления и приборы автоматики

Xehetasun bibliografikoak
Parent link:Автоматизированные системы управления и приборы автоматики: республиканский межведомственный научно-технический сборник/ Харьковский институт радиоэлектроники им. М. К. Янгеля. Вып. 78.— , 1974-
Beste egile batzuk: Путятин Е. П. Евгений Петрович (редактор)
Hizkuntza:errusiera
Argitaratua: 1986
Gaiak:
Formatua: MixedMaterials Liburua
KOHA link:https://koha.lib.tpu.ru/cgi-bin/koha/opac-detail.pl?biblionumber=279919

MARC

LEADER 00000nam2a2200000 4500
001 279919
005 20231101235245.0
020 |a RU  |b 86-11984ж 
035 |a (RuTPU)RU\TPU\book\303224 
035 |a RU\TPU\book\301113 
090 |a 279919 
100 |a 20141224d1986 k y0rusy5003 ca 
101 0 |a rus 
102 |a UA 
105 |a a z 001zy 
200 0 |a Вып. 78  |f отв. ред. Е. П. Путятин 
210 |d 1986 
215 |a 125 с.  |c ил. 
320 |a Библиогр. в конце ст. 
461 1 |0 (RuTPU)RU\TPU\book\32005  |t Автоматизированные системы управления и приборы автоматики  |o республиканский межведомственный научно-технический сборник  |f Харьковский институт радиоэлектроники им. М. К. Янгеля  |v Вып. 78  |d 1974- 
606 1 |a Автоматизированные системы планирования и управления  |2 stltpush  |3 (RuTPU)RU\TPU\subj\615  |9 29488 
610 1 |a планирование 
610 1 |a автоматические устройства 
610 1 |a управление 
610 1 |a технологические процессы 
610 1 |a моделирование 
610 1 |a случайный поиск 
610 1 |a статистические методы 
610 1 |a математическое программирование 
610 1 |a данные 
610 1 |a обработка 
610 1 |a преобразование Фурье 
610 1 |a алгоритмы 
610 1 |a сигналы 
610 1 |a декодеры 
610 1 |a микроЭВМ 
610 1 |a математическое моделирование 
675 |a 658.012.011.56  |z rus  |v 3 
702 1 |a Путятин  |b Е. П.  |g Евгений Петрович  |4 340 
801 0 |a RU  |b RuMRKP  |c 19950704  |g psbo 
801 1 |a RU  |b 63413507  |c 20141206 
801 2 |a RU  |b 63413507  |c 20170426  |g RCR 
942 |c BK